| 000 | 01238nam a2200229Ia 4500 | ||
|---|---|---|---|
| 999 |
_c40323 _d40323 |
||
| 001 | 6931 | ||
| 003 | GE_BSU | ||
| 005 | 20200211143206.0 | ||
| 008 | 181216s1955||||ge |||||||||||||| ||geo|| | ||
| 040 | _cGE_BSU | ||
| 041 | _ageo | ||
| 080 | _a821.353.1-11 გ-97 | ||
| 100 |
_aგურამიშვილი, დავით. _96973 |
||
| 245 |
_aდავითიანი : _bთხზულებათა სრული კრებული / _cდავით გურამიშვილი ; სარედ. კოლეგია : ი. აბაშიძე, ალ. ბარამიძე ; პ/მგ. რედ. ნ. ბერძენიშვილი და სხვა. ; მხატვ. დ. და ვ. ქუთათელაძეები. |
||
| 264 |
_aთბილისი : _bსახელგამი, _c1955. |
||
| 300 |
_a386 გვ. : _bილ. ; _c27 სმ. |
||
| 504 | _aბიბლიოგრ. გვ. 306-311 | ||
| 653 | _aდავითიანი | ||
| 653 | _aთხზულებანი | ||
| 700 |
_aბერძენიშვილი, ნ. _eრედაქტორი _96975 |
||
| 942 |
_cBK _2udc |
||